000 01511nam0a2200361 4500
001 RU\NLR\bibl\1772458
005 20260409073959.0
010 _a978-5-397-01929-3
021 _aRU
_b2011-32306
_92300
035 _a(NLR Aleph) 001763239
090 _a1591587
_c1591587
100 _a20110523d2011 |||y0rusy50 ca
101 0 _arus
102 _aRU
105 _ay |||||||||
200 1 _aСоциальные антагонизмы и классовая борьба в истории
_fЮ. Делевский
205 _aИзд. 2-е
210 _aМосква
_cЛиброком
_d2011
215 _a390 с.
_d22
225 1 _aИз наследия мировой философской мысли: социальная философия
300 _aНа обороте тит. л. авт.: Ю. Делевский (псевд. рос. социолога, философа и журналиста Я.Л. Юделевского)
320 _aБиблиогр. в подстроч. примеч.
606 1 _aКлассовая борьба
_xИстория
_91335966
_3RU\NLR\auth\66556281
606 _aСоциальная история
_3RU\NLR\auth\661272689
_92105029
686 _aТ3(0)0-4
686 _aТ3(0)0-2
700 1 _4070
_8rus
_7ca
_aЮделевский
_bЯ. Л.
_f1868-1957
_gЯков Лазаревич
_3RU\NLR\auth\7774379
_957307
801 0 _aRU
_bNLR
_c20110523
_gRCR
801 1 _aRU
_bNLR
_c20110523
942 _cBOOK
980 _aNB
980 _aNBR